[Event "Polanica Zdroj op-C 52nd"]
[Site "Polanica Zdroj"]
[Date "2016.08.28"]
[Round "2"]
[White "Slezinski, Nikodem"]
[Black "Wianecki, Mateusz"]
[Result "1-0"]
[WhiteElo "1981"]
[BlackElo "1655"]
[PlyCount "83"]
[EventDate "2016.08.20"]
[EventType "swiss"]
[EventRounds "9"]
[EventCountry "POL"]
[SourceTitle "CBM 174 Extra"]
[Source "ChessBase"]
[SourceDate "2016.10.10"]
[SourceVersion "1"]
[SourceVersionDate "2016.10.10"]
[SourceQuality "1"]

1. e4 e6 2. d4 d5 3. Bd3 Nf6 4. e5 Nfd7 5. c3 c5 6. Ne2 Nc6 7. 0-0 Qb6 8. Bc2 cxd4 9. cxd4 Nb4 10. Bb3 Nb8 11. Be3 Bd7 12. Nbc3 N8c6 13. Nf4 Na5 14. Ba4 Rc8 15. Bxd7+ Kxd7 16. a3 Nbc6 17. b4 Nc4 18. Nfxd5 exd5 19. Qg4+ Kd8 20. Nxd5 Qb5 21. Bg5+ Ne7 22. Bxe7+ Bxe7 23. Qxg7 Rf8 24. Nf6 Kc7 25. Nxh7 Rfe8 26. Qxf7 Kb8 27. Rfe1 Qc6 28. d5 Qc7 29. Rac1 b5 30. Qf5 Rg8 31. g3 Qb6 32. d6 Bxd6 33. exd6 Nxd6 34. Rxc8+ Rxc8 35. Qf4 Kb7 36. Re6 Rc6 37. Nf6 Qd8 38. Ne4 Nc4 39. Qf7+ Rc7 40. Nc5+ Kc8 41. Qf5 Nd6 42. Rxd6+ 1-0